လွၼ်ႉၵႅၼ်မွၼ်းထမ်းမၢႆ-1။ (Record no. 23994)

000 -LEADER
fixed length control field 00783nam a22002177a 4500
003 - CONTROL NUMBER IDENTIFIER
control field OSt
005 - DATE AND TIME OF LATEST TRANSACTION
control field 20260122195843.0
008 - FIXED-LENGTH DATA ELEMENTS--GENERAL INFORMATION
fixed length control field 230414b ||||| |||| 00| 0 eng d
040 ## - CATALOGING SOURCE
Transcribing agency Ost
041 ## - LANGUAGE CODE
Language code of text/sound track or separate title Shan
082 ## - DEWEY DECIMAL CLASSIFICATION NUMBER
Classification number 808.882
245 ## - TITLE STATEMENT
Title လွၼ်ႉၵႅၼ်မွၼ်းထမ်းမၢႆ-1။
260 ## - PUBLICATION, DISTRIBUTION, ETC.
Place of publication, distribution, etc. တူၼ်ႈတီး
Name of publisher, distributor, etc. ဝိၼ်းၵုမ်ႇပျူႇတႃႇ
300 ## - PHYSICAL DESCRIPTION
Extent 40 ၼႃႈ
Dimensions 15 ၸိၼ်ႇထီႇ
500 ## - GENERAL NOTE
General note S-SAT: Dr. Prof Sai Aung Tun
General note ပပ်ႉၸဝ်ႈတႃႇၼႁင်းၶေႃ တွၵ်ႉတိူဝ်ႇၸၢႆးဢွင်ႇထုၼ်း
650 ## - SUBJECT ADDED ENTRY--TOPICAL TERM
Topical term or geographic name entry element လွၼ်ႉမွၼ်းၵႂၢမ်း
942 ## - ADDED ENTRY ELEMENTS (KOHA)
Koha item type Book (Short term)
650 ## - SUBJECT ADDED ENTRY--TOPICAL TERM
9 (RLIN) 23086
Source of classification or shelving scheme
Source of classification or shelving scheme
Holdings
Withdrawn status Lost status Source of classification or shelving scheme Damaged status Not for loan Collection Code Permanent Location Current Location Shelving location Date acquired Total Checkouts Full call number Barcode Date last seen Copy number Price effective from Koha item type Accession
          Tai Collection Shan State Buddhist University Library Shan State Buddhist University Library Tai Shelves 14/04/2023   808.882 လွၼ်ႉ ႒႕႔႓ S-SAT SH00002543 14/04/2023 1 14/04/2023 Book (Short term) ႒႕႔႓ S-SAT

Library - 09407999929
Admin Office - 09407999979
Dean Office - 09250910768
Registrar Office - 09892297154
Email - [email protected]
Shan State Buddhist University, Phaya Phyu Taunggyi, Shan State, Myanmar.